[Event "II. CLANSKA LIGA ZAHOD 2021"]
[Site "Komenda"]
[Date "2021.11.27"]
[Round "2.3"]
[White "Orel Music, Simona"]
[Black "Krivec, Metod"]
[Result "1/2-1/2"]
[WhiteElo "1956"]
[BlackElo "1760"]
[PlyCount "60"]
[EventDate "2021.11.27"]
[WhiteTeam "SS TOMO ZUPAN KRANJ"]
[BlackTeam "SD RADOVLJICA"]

1. d4 g6 2. c4 Bg7 3. e4 d6 4. Nc3 e5 5. d5 Ne7 6. Nf3 O-O 7. Be2 Nd7 8. Be3 a6
9. Nd2 f5 10. f3 Nf6 11. O-O f4 12. Bf2 g5 13. g4 Ng6 14. b4 h5 15. h3 Bd7 16.
c5 hxg4 17. hxg4 Rf7 18. cxd6 cxd6 19. Nc4 Bf8 20. Nb6 Rb8 21. Nxd7 Nxd7 22.
Rc1 Be7 23. Kg2 Qf8 24. Rh1 Nf6 25. Na4 Bd8 26. a3 b5 27. Nb2 Bb6 28. Rc6 Bxf2
29. Kxf2 Ra8 30. Qc1 Qb8 1/2-1/2

[Event "II. CLANSKA LIGA ZAHOD 2021"]
[Site "Komenda"]
[Date "2021.11.27"]
[Round "2.4"]
[White "Torkar, Boris"]
[Black "Muri, Emil"]
[Result "1/2-1/2"]
[WhiteElo "1802"]
[BlackElo "1765"]
[PlyCount "64"]
[EventDate "2021.11.27"]
[WhiteTeam "SD RADOVLJICA"]
[BlackTeam "SS TOMO ZUPAN KRANJ"]

1. d4 Nf6 2. c4 d6 3. Nf3 g6 4. Bf4 Bg7 5. e3 Nc6 6. Be2 O-O 7. O-O Nh5 8. Bg5
h6 9. Bh4 g5 10. Bg3 Nxg3 11. hxg3 e5 12. Nc3 exd4 13. Nxd4 Nxd4 14. exd4 Bf5
15. Bf3 c6 16. Qd2 Re8 17. Rfe1 Qd7 18. Rad1 Rxe1+ 19. Rxe1 Re8 20. Rxe8+ Qxe8
21. b4 b6 22. a3 c5 23. Nb5 Qe7 24. bxc5 dxc5 25. Bd5 Kf8 26. dxc5 a6 27. Nd6
Bg6 28. Qb4 Bd4 29. cxb6 Qe2 30. Ne4+ Kg7 31. c5 Qd1+ 32. Kh2 Qh5+ 1/2-1/2

[Event "II. CLANSKA LIGA ZAHOD 2021"]
[Site "Komenda"]
[Date "2021.11.27"]
[Round "2.5"]
[White "Bobnar, Samo"]
[Black "Blaznik, Vojko"]
[Result "1-0"]
[WhiteElo "1542"]
[BlackElo "1678"]
[PlyCount "57"]
[EventDate "2021.11.27"]
[WhiteTeam "SS TOMO ZUPAN KRANJ"]
[BlackTeam "SD RADOVLJICA"]

1. e4 e5 2. Nc3 a6 3. Bc4 Nf6 4. f4 Nc6 5. d3 Bc5 6. Nf3 O-O 7. fxe5 Ng4 8. d4
Nxd4 9. Nxd4 Nxe5 10. Be2 c6 11. Be3 b5 12. O-O d5 13. Bf2 Qg5 14. Qc1 Qg6 15.
Kh1 b4 16. Nf5 Bd6 17. Bg3 Bxf5 18. exf5 Qf6 19. Nd1 Rae8 20. Qd2 a5 21. Ne3
Bc5 22. Rae1 Bxe3 23. Qxe3 Nc4 24. Qc1 Nxb2 25. Qf4 Re4 26. Qf2 Rfe8 27. Bf3
Rxe1 28. Rxe1 Rc8 29. Be5 1-0

[Event "II. CLANSKA LIGA ZAHOD 2021"]
[Site "Komenda"]
[Date "2021.11.27"]
[Round "2.6"]
[White "Marosevic, Igor"]
[Black "Bobnar, Vid"]
[Result "0-1"]
[WhiteElo "1526"]
[BlackElo "1835"]
[PlyCount "34"]
[EventDate "2021.11.27"]
[WhiteTeam "SD RADOVLJICA"]
[BlackTeam "SS TOMO ZUPAN KRANJ"]

1. c4 e6 2. d4 d5 3. Bf4 Nf6 4. e3 Bd6 5. Bxd6 Qxd6 6. c5 Qe7 7. Nc3 O-O 8. Nf3
Nbd7 9. Ne5 Nxe5 10. dxe5 Nd7 11. b4 Nxe5 12. Qd4 Qf6 13. Qf4 Nf3+ 14. Ke2 Qxc3
15. Rd1 Qc2+ 16. Kxf3 Qxd1+ 17. Kg3 e5 0-1

[Event "II. CLANSKA LIGA ZAHOD 2021"]
[Site "Komenda"]
[Date "2021.11.27"]
[Round "2.1"]
[White "Luzar, Emil"]
[Black "Sajn, Simon"]
[Result "0-1"]
[WhiteElo "2128"]
[BlackElo "2121"]
[PlyCount "82"]
[EventDate "2021.11.27"]
[WhiteTeam "SK DOLENJSKE TOPLICE"]
[BlackTeam "SK RIMEX ILIRSKA BISTRICA"]

1. e4 c5 2. Nc3 Nc6 3. f4 e6 4. Nf3 Nf6 5. Bb5 Nd4 6. e5 Nxb5 7. Nxb5 Nd5 8.
O-O Qb6 9. Nc3 Nxc3 10. bxc3 Be7 11. d3 c4+ 12. d4 Qa5 13. Bd2 b6 14. Qe1 Bb7
15. f5 exf5 16. Bg5 Bxg5 17. Nxg5 Qd5 18. Qg3 g6 19. Rae1 h6 20. Nh3 O-O-O 21.
Nf4 Qc6 22. a4 g5 23. Nh5 f4 24. Qg4 Qe6 25. Qxe6 fxe6 26. a5 b5 27. Nf6 Rhf8
28. Ne4 Bxe4 29. Rxe4 Kb7 30. d5 exd5 31. Rd4 d6 32. Rxd5 dxe5 33. Rxb5+ Kc6
34. Rxe5 Rfe8 35. Rf5 Re2 36. Rf6+ Rd6 37. Rf7 Rdd2 38. Rb1 Rxg2+ 39. Kf1 Rxh2
40. Kg1 Rdg2+ 41. Kf1 Rxc2 0-1

[Event "II. CLANSKA LIGA ZAHOD 2021"]
[Site "Komenda"]
[Date "2021.11.27"]
[Round "2.2"]
[White "Raspor, Gregor"]
[Black "Stubljar, Andrej"]
[Result "0-1"]
[WhiteElo "2011"]
[BlackElo "2022"]
[PlyCount "114"]
[EventDate "2021.11.27"]
[WhiteTeam "SK RIMEX ILIRSKA BISTRICA"]
[BlackTeam "SK DOLENJSKE TOPLICE"]

1. d4 d5 2. c4 e6 3. Nc3 a6 4. cxd5 exd5 5. Nf3 c6 6. Bg5 Qc7 7. Qc2 Be6 8. e3
Bd6 9. Bd3 h6 10. Bh4 Ne7 11. O-O Nd7 12. e4 g5 13. Bg3 dxe4 14. Nxe4 Bf4 15.
Rfe1 Nd5 16. a3 O-O-O 17. b4 Rhe8 18. Nfd2 Bxg3 19. hxg3 f5 20. Nc5 Nxc5 21.
dxc5 Qd7 22. Nc4 Nxb4 23. axb4 Qxd3 24. Qxd3 Rxd3 25. Nd6+ Rxd6 26. cxd6 Kd7
27. Rad1 Rf8 28. f3 Rf7 29. Kf2 Bd5 30. Rd2 Kxd6 31. Re8 Rf6 32. Ke3 f4+ 33.
gxf4 Rxf4 34. Rd4 Rf6 35. Kd3 Kc7 36. Kc3 Kb6 37. Re7 Rd6 38. Re5 a5 39. bxa5+
Kxa5 40. Re7 b5 41. Re5 Kb6 42. Rd2 Kc5 43. Kb2 Rf6 44. Re8 Rf4 45. Rh8 Rh4 46.
g3 Rb4+ 47. Kc1 Bxf3 48. Rxh6 Be4 49. Rb2 Rxb2 50. Kxb2 Kd4 51. Rf6 Ke3 52. Rf1
Ke2 53. Rf6 g4 54. Kc3 Bf3 55. Kd4 Kf2 56. Ke5 Kxg3 57. Kd4 Kf2 0-1

[Event "II. CLANSKA LIGA ZAHOD 2021"]
[Site "Komenda"]
[Date "2021.11.27"]
[Round "2.3"]
[White "Janko, Roman"]
[Black "Solmajer, Luka"]
[Result "0-1"]
[WhiteElo "1833"]
[BlackElo "1986"]
[PlyCount "133"]
[EventDate "2021.11.27"]
[WhiteTeam "SK DOLENJSKE TOPLICE"]
[BlackTeam "SK RIMEX ILIRSKA BISTRICA"]

1. e4 c5 2. Nc3 Nc6 3. f4 e6 4. Nf3 d5 5. Bb5 Nf6 6. e5 Nd7 7. O-O Be7 8. d3
O-O 9. Qe1 Qc7 10. Bd2 Nd4 11. Bxd7 Bxd7 12. Rc1 Qb6 13. Nd1 Rac8 14. c3 Nc6
15. Ra1 Rc7 16. Kh1 Qa6 17. Qe2 d4 18. c4 b5 19. b3 Na5 20. Nf2 Bc6 21. Ne4
bxc4 22. dxc4 Bxe4 23. Qxe4 Qb7 24. Qd3 Nc6 25. a3 Rb8 26. Rfb1 a5 27. h3 Qc8
28. Kh2 Rcb7 29. Be1 Rb6 30. Nd2 Qa6 31. Bg3 R8b7 32. f5 exf5 33. Qxf5 Nd8 34.
Rf1 a4 35. bxa4 Qxa4 36. Rac1 Qxa3 37. Ne4 g6 38. Qg4 h5 39. Qe2 Rb2 40. Qd1
Qb3 41. Qe1 Qe3 42. Qxe3 dxe3 43. Rfe1 R7b3 44. Rc3 Rxc3 45. Nxc3 Bg5 46. Ne4
Bh6 47. Nxc5 Rc2 48. Ne4 Rxc4 49. Nf6+ Kg7 50. Nd5 h4 51. Bxh4 Rxh4 52. Nxe3
Re4 53. Nc2 Rxe1 54. Nxe1 Bf4+ 55. g3 Bxe5 56. Kg2 Ne6 57. Nd3 Bd6 58. Kf3 Nd4+
59. Kf2 Nf5 60. g4 Nh4 61. Ke2 Kf6 62. Ke3 Kg5 63. Ke4 Ng2 64. Kf3 Nf4 65. Nf2
Kh4 66. Ne4 Bc7 67. Ke3 0-1

[Event "II. CLANSKA LIGA ZAHOD 2021"]
[Site "Komenda"]
[Date "2021.11.27"]
[Round "2.4"]
[White "Kekic, Urban"]
[Black "Turkovic, Igor"]
[Result "0-1"]
[WhiteElo "1703"]
[BlackElo "1782"]
[PlyCount "160"]
[EventDate "2021.11.27"]
[WhiteTeam "SK RIMEX ILIRSKA BISTRICA"]
[BlackTeam "SK DOLENJSKE TOPLICE"]

1. e4 c5 2. Nf3 Nc6 3. Bb5 g6 4. Bxc6 bxc6 5. Nc3 Bg7 6. O-O Nf6 7. Re1 O-O 8.
d3 d6 9. h3 Rb8 10. Rb1 Nh5 11. Bd2 Re8 12. e5 Bh8 13. exd6 exd6 14. b3 Be6 15.
Ne4 Bd5 16. Nc3 Qd7 17. Nxd5 cxd5 18. Rxe8+ Rxe8 19. Qf1 d4 20. Re1 Nf6 21.
Rxe8+ Qxe8 22. Qe1 Bg7 23. Qxe8+ Nxe8 24. Nh2 f5 25. Kf1 Kf7 26. Nf3 h6 27. Ke2
Nc7 28. a4 Ne6 29. Bc1 g5 30. Bd2 Bf6 31. Nh2 Kg6 32. Kf3 Be5 33. g3 h5 34. Kg2
Nc7 35. Nf3 f4 36. g4 hxg4 37. hxg4 Nd5 38. Nh2 Bf6 39. Nf3 Bd8 40. Nh2 Kf6 41.
Kf3 Ke6 42. Kg2 Bf6 43. Nf3 Nb6 44. Ba5 Nd5 45. Bd2 Ne7 46. Bc1 Nc6 47. Bd2 a6
48. Kf1 Bd8 49. Ke2 Kf6 50. Be1 Ba5 51. Bxa5 Nxa5 52. Nd2 d5 53. f3 Nc6 54. Kd1
Ne5 55. Ke2 Ke6 56. Nb1 Kd6 57. c3 dxc3 58. Nxc3 Nc6 59. Kf2 Nd4 60. Ne2 Nxb3
61. Ng1 Ke5 62. Ke2 a5 63. Kd1 c4 64. Kc2 Nd4+ 65. Kc3 cxd3 66. Kxd3 Nb3 67.
Nh3 Kf6 68. Ng1 Nc5+ 69. Kd4 Nxa4 70. Kxd5 Nb2 71. Kc5 Nd3+ 72. Kb5 Ne1 73.
Kxa5 Ke5 74. Kb4 Kd4 75. Kb3 Ke3 76. Kc3 Nxf3 77. Nh3 Ke2 78. Kc2 Kf1 79. Kd3
Kg2 80. Ke4 Kg3 0-1

[Event "II. CLANSKA LIGA ZAHOD 2021"]
[Site "Komenda"]
[Date "2021.11.27"]
[Round "2.5"]
[White "Kregulj, Andrej"]
[Black "Delost, Josko"]
[Result "0-1"]
[WhiteElo "1655"]
[BlackElo "1655"]
[PlyCount "99"]
[EventDate "2021.11.27"]
[WhiteTeam "SK DOLENJSKE TOPLICE"]
[BlackTeam "SK RIMEX ILIRSKA BISTRICA"]

1. d4 d5 2. Bf4 Nf6 3. e3 c5 4. c3 Qb6 5. Qb3 c4 6. Qxb6 axb6 7. Nd2 Nc6 8.
Ngf3 b5 9. Ne5 Bf5 10. Be2 e6 11. O-O b4 12. f3 Nh5 13. Bg5 h6 14. e4 Bh7 15.
Be3 Nf6 16. cxb4 Bxb4 17. Nxc6 bxc6 18. Nb1 O-O 19. a3 Ba5 20. Bf4 Rfd8 21. Rd1
Nd7 22. Nc3 Nb6 23. Rab1 Nc8 24. b4 cxb3 25. Rxb3 Bxc3 26. Rxc3 dxe4 27. Rdc1
Ne7 28. Bc7 Rxd4 29. Bb6 Rd7 30. Bc5 Nd5 31. Rc4 exf3 32. Bxf3 Bd3 33. Rd4 Bb5
34. h3 Nf6 35. Rxd7 Nxd7 36. Bb4 Ne5 37. Bd1 Nd3 38. Rb1 Nxb4 39. axb4 Kf8 40.
Bf3 Ke7 41. Kf2 f5 42. Rc1 Rc8 43. Ke3 e5 44. g4 g6 45. Rc5 Ke6 46. Bd1 Rd8 47.
Be2 Rd5 48. Rc2 Kd6 49. gxf5 gxf5 50. Bf1 0-1

[Event "II. CLANSKA LIGA ZAHOD 2021"]
[Site "Komenda"]
[Date "2021.11.27"]
[Round "2.6"]
[White "Bradac, Simon"]
[Black "Volf, Zdravko"]
[Result "1-0"]
[WhiteElo "1576"]
[BlackElo "2019"]
[PlyCount "71"]
[EventDate "2021.11.27"]
[WhiteTeam "SK RIMEX ILIRSKA BISTRICA"]
[BlackTeam "SK DOLENJSKE TOPLICE"]

1. c4 c5 2. g3 d6 3. Bg2 g6 4. Nc3 Bg7 5. e3 Nf6 6. Nge2 a6 7. O-O O-O 8. d4
cxd4 9. exd4 Nc6 10. Re1 Rb8 11. a3 Bg4 12. h3 Bd7 13. b4 e6 14. Bf4 e5 15.
dxe5 dxe5 16. Bg5 Qc8 17. Bxf6 Bxf6 18. Nd5 Bd8 19. Kh2 Be6 20. Nec3 Ne7 21.
Rc1 f6 22. Ne4 Kg7 23. f4 exf4 24. Nc5 fxg3+ 25. Kh1 Bxd5 26. cxd5 Qf5 27. Ne6+
Kg8 28. Nxd8 Rbxd8 29. Rxe7 Rd6 30. Rcc7 Rfd8 31. Qe1 R6d7 32. Rexd7 Rxd7 33.
Qe8+ Kg7 34. Qxd7+ Kh6 35. Qxf5 gxf5 36. d6 1-0

[Event "II. CLANSKA LIGA ZAHOD 2021"]
[Site "Komenda"]
[Date "2021.11.28"]
[Round "3.1"]
[White "Jovan, Romuald"]
[Black "Luzar, Emil"]
[Result "0-1"]
[WhiteElo "1899"]
[BlackElo "2128"]
[PlyCount "70"]
[EventDate "2021.11.28"]
[WhiteTeam "SD RADOVLJICA"]
[BlackTeam "SD DOLENJSKE TOPLICE"]

1. d4 Nf6 2. c4 g6 3. Nc3 Bg7 4. e4 d6 5. Be2 O-O 6. Bg5 h6 7. Be3 e5 8. d5 Ne8
9. Qd2 Kh7 10. Rc1 b6 11. a3 a5 12. b4 axb4 13. axb4 Nd7 14. h4 f5 15. exf5
gxf5 16. f4 Nef6 17. Nf3 Ng4 18. Bg1 Qe7 19. Ng5+ hxg5 20. hxg5+ Kg8 21. Bxg4
fxg4 22. f5 Rxf5 23. Be3 Nf8 24. Ne4 Ng6 25. g3 Ra3 26. c5 Rf3 27. Rc3 Rxc3 28.
Qxc3 bxc5 29. bxc5 Bf5 30. cxd6 cxd6 31. Qd3 Qb7 32. Rf1 Qb4+ 33. Qd2 Rxe3+ 34.
Kf2 Rf3+ 35. Kg1 Rxf1+ 0-1

[Event "II. CLANSKA LIGA ZAHOD 2021"]
[Site "Komenda"]
[Date "2021.11.28"]
[Round "3.2"]
[White "Stubljar, Andrej"]
[Black "Simnic, Franci"]
[Result "1-0"]
[WhiteElo "2022"]
[BlackElo "1712"]
[PlyCount "41"]
[EventDate "2021.11.28"]
[WhiteTeam "SD DOLENJSKE TOPLICE"]
[BlackTeam "SD RADOVLJICA"]

1. d4 Nf6 2. c4 e5 3. e3 e4 4. Bd2 d5 5. Nc3 c6 6. Nge2 Bg4 7. h3 Bd7 8. Nf4
dxc4 9. Bxc4 Bd6 10. Nh5 b5 11. Nxf6+ gxf6 12. Nxe4 Bc7 13. Bd3 Na6 14. a4 f5
15. Ng3 Bxg3 16. fxg3 Nc7 17. O-O Rg8 18. e4 Rxg3 19. exf5 Rxd3 20. Qe2+ Kf8
21. Bh6+ 1-0

[Event "II. CLANSKA LIGA ZAHOD 2021"]
[Site "Komenda"]
[Date "2021.11.28"]
[Round "3.3"]
[White "Krivec, Metod"]
[Black "Janko, Roman"]
[Result "0-1"]
[WhiteElo "1760"]
[BlackElo "1833"]
[PlyCount "94"]
[EventDate "2021.11.28"]
[WhiteTeam "SD RADOVLJICA"]
[BlackTeam "SD DOLENJSKE TOPLICE"]

1. d4 d5 2. c4 dxc4 3. Nc3 e5 4. dxe5 Qxd1+ 5. Nxd1 Nc6 6. Bf4 Bf5 7. f3 O-O-O
8. e4 Be6 9. a3 Nd4 10. Rc1 b5 11. Ne2 Nb3 12. Rc2 Ne7 13. Be3 a6 14. f4 g6 15.
g3 Bg4 16. Bg2 Nc6 17. Nf2 Bxe2 18. Rxe2 Ncd4 19. Bxd4 Nxd4 20. Rd2 Bc5 21. Rd1
Nc2+ 22. Ke2 Nd4+ 23. Ke1 h5 24. h4 a5 25. Rc1 Nb3 26. Rc2 Kb8 27. Nd1 Rd3 28.
Nc3 c6 29. e6 fxe6 30. e5 Kc7 31. Ne4 Rhd8 32. Nxc5 Nxc5 33. Rh3 Kb6 34. a4
Nxa4 35. Be4 Re3+ 36. Re2 Rxe2+ 37. Kxe2 Nxb2 38. Bxg6 a4 39. g4 hxg4 40. Rh1
Nd3 41. Ke3 a3 42. h5 b4 43. h6 a2 44. h7 b3 45. Bf7 Rh8 46. Bxe6 b2 47. Bxc4
b1=Q 0-1

[Event "II. CLANSKA LIGA ZAHOD 2021"]
[Site "Komenda"]
[Date "2021.11.28"]
[Round "3.4"]
[White "Turkovic, Igor"]
[Black "Torkar, Boris"]
[Result "1-0"]
[WhiteElo "1782"]
[BlackElo "1802"]
[PlyCount "117"]
[EventDate "2021.11.28"]
[WhiteTeam "SD DOLENJSKE TOPLICE"]
[BlackTeam "SD RADOVLJICA"]

1. d4 d5 2. c4 c6 3. Nf3 e6 4. Nc3 Bd6 5. Bg5 Be7 6. Bxe7 Nxe7 7. e3 O-O 8. Bd3
Ng6 9. Qd2 Nd7 10. h4 Re8 11. h5 Ngf8 12. O-O-O dxc4 13. Bxc4 b5 14. Bb3 Bb7
15. Ne4 Qe7 16. Rh3 c5 17. Nxc5 Nxc5 18. dxc5 Bxf3 19. Rxf3 Red8 20. Qc3 Rxd1+
21. Bxd1 b4 22. Qc4 Nd7 23. c6 Ne5 24. Qd4 Nxf3 25. Bxf3 Rc8 26. h6 e5 27. Qg4
f5 28. Bd5+ Kh8 29. hxg7+ Qxg7 30. Qxf5 Rf8 31. Qc2 a5 32. Be4 Qe7 33. g4 Qc7
34. Bf5 Rd8 35. Bd7 Rg8 36. Qd2 Rg6 37. Qd5 Rf6 38. f3 Rg6 39. Kc2 a4 40. Qc5
Rg7 41. Qf8+ Rg8 42. Qf6+ Rg7 43. Kd3 a3 44. bxa3 bxa3 45. Ke4 Qb8 46. Qxe5
Qb1+ 47. Kf4 Qxa2 48. c7 Qh2+ 49. Kf5 Qxe5+ 50. Kxe5 Rg8 51. Be6 Re8 52. Kd6
Kg7 53. Kd7 Ra8 54. c8=Q Ra7+ 55. Qc7 Rxc7+ 56. Kxc7 Kf6 57. Kd6 h6 58. f4 Kg6
59. e4 1-0

[Event "II. CLANSKA LIGA ZAHOD 2021"]
[Site "Komenda"]
[Date "2021.11.28"]
[Round "3.5"]
[White "Blaznik, Vojko"]
[Black "Kregulj, Andrej"]
[Result "0-1"]
[WhiteElo "1678"]
[BlackElo "1655"]
[PlyCount "134"]
[EventDate "2021.11.28"]
[WhiteTeam "SD RADOVLJICA"]
[BlackTeam "SD DOLENJSKE TOPLICE"]

1. c4 c5 2. e3 e6 3. Nc3 Nf6 4. Nf3 Nc6 5. d4 d5 6. cxd5 exd5 7. Bb5 a6 8. Ba4
b5 9. Bc2 c4 10. O-O Bd6 11. e4 dxe4 12. Nxe4 h6 13. Re1 O-O 14. Ng3 Bg4 15. h3
Bxf3 16. gxf3 Bxg3 17. fxg3 Nxd4 18. Bf4 Nxc2 19. Qxc2 Qd5 20. Kg2 Rfe8 21.
Rad1 Qc6 22. Rd6 Qc5 23. Red1 Nh5 24. Bxh6 Qe5 25. Bf4 Nxf4+ 26. gxf4 Qxf4 27.
R1d5 Qh4 28. Rd4 Qe1 29. Rd2 Rac8 30. R6d4 Rc6 31. Rf2 Rg6+ 32. Rg4 Rge6 33.
Rh4 g6 34. Qc3 f6 35. Qd4 Kg7 36. Qa7+ R6e7 37. Qxa6 Re2 38. Qa7+ R8e7 39. Rxe2
Qxe2+ 40. Qf2 Qd3 41. Rd4 Qf5 42. Qd2 Qe5 43. Re4 Qc7 44. Rh4 g5 45. Rd4 Qe5
46. Re4 Qc7 47. Rd4 Qe5 48. Re4 Qc5 49. Qe2 Rxe4 50. Qxe4 b4 51. Qe8 c3 52.
Qd7+ Kh6 53. bxc3 bxc3 54. Qd8 Kg7 55. Qd7+ Kf8 56. Qd8+ Kf7 57. Qd7+ Kf8 58.
Qd8+ Kg7 59. Qd7+ Kh6 60. Qe8 c2 61. Qh8+ Kg6 62. Qg8+ Kf5 63. Qh7+ Ke5 64.
Qe4+ Kd6 65. Qd3+ Kc7 66. Qh7+ Kb6 67. Qh8 Qd6 0-1

[Event "II. CLANSKA LIGA ZAHOD 2021"]
[Site "Komenda"]
[Date "2021.11.28"]
[Round "3.6"]
[White "Voglar, Peter"]
[Black "Marosevic, Igor"]
[Result "0-1"]
[WhiteElo "2046"]
[BlackElo "1526"]
[PlyCount "69"]
[EventDate "2021.11.28"]
[WhiteTeam "SD DOLENJSKE TOPLICE"]
[BlackTeam "SD RADOVLJICA"]

1. c4 Nc6 2. d4 d5 3. Nc3 Nf6 4. cxd5 Nxd5 5. e4 Nxc3 6. bxc3 e6 7. Nf3 h6 8.
Bd3 g6 9. O-O Bg7 10. Be3 Bd7 11. Qd2 Qe7 12. Rab1 Na5 13. Rfc1 b6 14. Bf4 c6
15. c4 c5 16. dxc5 e5 17. Be3 Nc6 18. cxb6 Nd4 19. b7 Rb8 20. Bxd4 exd4 21. Qf4
O-O 22. Qc7 Qd8 23. Qc5 Bg4 24. Ne1 Re8 25. Qxa7 Re7 26. c5 Be5 27. c6 Bc7 28.
Qa3 Re5 29. Rb5 Re8 30. Qb2 Be5 31. Rxe5 Qc7 32. Rxe8+ Rxe8 33. Qxd4 Re5 34.
Qxe5 Qxe5 35. c7 0-1

[Event "II. CLANSKA LIGA ZAHOD 2021"]
[Site "Komenda"]
[Date "2021.11.28"]
[Round "3.1"]
[White "Lever, Erwan"]
[Black "Mlacnik, Franc"]
[Result "1-0"]
[WhiteElo "2228"]
[BlackElo "1996"]
[PlyCount "45"]
[EventDate "2021.11.28"]
[WhiteTeam "SK LJUBLJANA"]
[BlackTeam "SS TOMO ZUPAN KRANJ"]

1. d4 d6 2. Nf3 f5 3. b3 Nf6 4. Bb2 e6 5. c4 Be7 6. g3 O-O 7. Bg2 Ne4 8. O-O
Nd7 9. Nfd2 Nxd2 10. Nxd2 e5 11. dxe5 Nxe5 12. e3 Qe8 13. Nb1 Bf6 14. Nc3 Ng4
15. Qd2 Rb8 16. h3 Ne5 17. Nb5 Qe7 18. Nxa7 Be6 19. Nb5 g5 20. f4 gxf4 21. exf4
Nc6 22. Rae1 Ra8 23. Nxc7 1-0

[Event "II. CLANSKA LIGA ZAHOD 2021"]
[Site "Komenda"]
[Date "2021.11.28"]
[Round "3.2"]
[White "Markun, Ozbej"]
[Black "Srebrnic, Vojko"]
[Result "1-0"]
[WhiteElo "1929"]
[BlackElo "2141"]
[PlyCount "67"]
[EventDate "2021.11.28"]
[WhiteTeam "SS TOMO ZUPAN KRANJ"]
[BlackTeam "SK LJUBLJANA"]

1. e4 c5 2. Nf3 e6 3. d4 cxd4 4. Nxd4 a6 5. Bd3 Nf6 6. O-O Qc7 7. Nb3 Be7 8. f4
d6 9. Qf3 Nc6 10. Be3 Bd7 11. Nc3 Nb4 12. Rae1 Bc6 13. Nd4 Nxd3 14. cxd3 Bd7
15. Rc1 Qa5 16. e5 dxe5 17. Qxb7 O-O 18. Nb3 Qd8 19. fxe5 Ng4 20. Bf4 f6 21.
exf6 Bxf6 22. h3 Ne5 23. Bxe5 Bxe5 24. Rxf8+ Kxf8 25. d4 Bf6 26. Ne4 Rc8 27.
Nxf6 Rxc1+ 28. Nxc1 gxf6 29. Qxa6 Qc7 30. Qa3+ Kf7 31. Qc3 Qf4 32. Nb3 Qe4 33.
Qc7 Ke8 34. Qxd7+ 1-0

[Event "II. CLANSKA LIGA ZAHOD 2021"]
[Site "Komenda"]
[Date "2021.11.28"]
[Round "3.3"]
[White "Persl, Bojan"]
[Black "Muri, Emil"]
[Result "1-0"]
[WhiteElo "2073"]
[BlackElo "1765"]
[PlyCount "43"]
[EventDate "2021.11.28"]
[WhiteTeam "SK LJUBLJANA"]
[BlackTeam "SS TOMO ZUPAN KRANJ"]

1. e4 d6 2. d4 Nf6 3. Nc3 Nbd7 4. Nf3 e5 5. Be2 Be7 6. O-O O-O 7. Re1 c6 8. a4
Qc7 9. Bg5 Re8 10. Bh4 b6 11. Bg3 Nh5 12. Qd2 Nxg3 13. hxg3 Bf6 14. d5 c5 15.
a5 Bb7 16. a6 Bc8 17. Bb5 Be7 18. Bc6 Qb8 19. Nb5 Rd8 20. Nh4 g6 21. f3 Nf8 22.
f4 {nejasno (38)} 1-0

[Event "II. CLANSKA LIGA ZAHOD 2021"]
[Site "Komenda"]
[Date "2021.11.28"]
[Round "3.4"]
[White "Globevnik, Iztok"]
[Black "Zmavc, Mark"]
[Result "0-1"]
[WhiteElo "1799"]
[BlackElo "1891"]
[PlyCount "56"]
[EventDate "2021.11.28"]
[WhiteTeam "SS TOMO ZUPAN KRANJ"]
[BlackTeam "SK LJUBLJANA"]

1. e4 c5 2. Nf3 Nc6 3. d4 cxd4 4. Nxd4 Qc7 5. Nc3 e6 6. a3 a6 7. Be2 Nf6 8. O-O
b5 9. f4 Nxd4 10. e5 Nxe2+ 11. Qxe2 Bc5+ 12. Kh1 Ng8 13. f5 Bb7 14. Bf4 g6 15.
f6 h5 16. Rad1 Qc6 17. b4 Bxb4 18. axb4 Qxc3 19. Rd3 Qxb4 20. Bd2 Qc4 21. Ba5
Nh6 22. Qd2 Rc8 23. Rd1 Qxc2 24. Rxd7 Qxd2 25. R1xd2 Rc1+ 26. Rd1 Rxd1+ 27.
Rxd1 Bd5 28. Rc1 O-O 0-1

[Event "II. CLANSKA LIGA ZAHOD 2021"]
[Site "Komenda"]
[Date "2021.11.28"]
[Round "3.5"]
[White "Marinko, Peter"]
[Black "Planinsek, Bojan"]
[Result "1-0"]
[WhiteElo "1825"]
[BlackElo "1735"]
[PlyCount "39"]
[EventDate "2021.11.28"]
[WhiteTeam "SK LJUBLJANA"]
[BlackTeam "SS TOMO ZUPAN KRANJ"]

1. d4 d5 2. c4 e6 3. Nc3 Nf6 4. cxd5 Nxd5 5. e4 Nf6 6. Nf3 b6 7. Ne5 Bb7 8.
Bb5+ c6 9. Ba4 Be7 10. O-O O-O 11. Be3 Qc7 12. Rc1 c5 13. Nb5 Qd8 14. dxc5 Na6
15. c6 Bc8 16. f3 Nc5 17. b4 Nxa4 18. Qxa4 Ne8 19. Rfd1 Nd6 20. Nxd6 1-0

[Event "II. CLANSKA LIGA ZAHOD 2021"]
[Site "Komenda"]
[Date "2021.11.28"]
[Round "3.6"]
[White "Bobnar, Samo"]
[Black "Sfiligoj, Anze"]
[Result "1-0"]
[WhiteElo "1542"]
[BlackElo "1728"]
[PlyCount "63"]
[EventDate "2021.11.28"]
[WhiteTeam "SS TOMO ZUPAN KRANJ"]
[BlackTeam "SK LJUBLJANA"]

1. e4 d5 2. exd5 Qxd5 3. d4 Nf6 4. Nf3 Bf5 5. c4 Qd8 6. Be2 e6 7. Nc3 c6 8. Bf4
Be7 9. h3 Nbd7 10. O-O O-O 11. Bd3 Bxd3 12. Qxd3 Re8 13. Rad1 Nb6 14. b3 a5 15.
a4 h6 16. Rfe1 Bb4 17. Re2 Qd7 18. Ne5 Qe7 19. Ne4 Rad8 20. Qf3 Nxe4 21. Rxe4
f5 22. Re3 Qf6 23. Qh5 Bd6 24. Rg3 Kh7 25. Rg6 Qf8 26. Rd3 Be7 27. Rxh6+ gxh6
28. Qg6+ Kh8 29. Nf7+ Qxf7 30. Qxf7 Bg5 31. Bxg5 hxg5 32. Rg3 1-0

[Event "II. CLANSKA LIGA ZAHOD 2021"]
[Site "Komenda"]
[Date "2021.11.28"]
[Round "3.1"]
[White "Rodman, Franc"]
[Black "Kozarski, Filip"]
[Result "1-0"]
[WhiteElo "2046"]
[BlackElo "1940"]
[PlyCount "59"]
[EventDate "2021.11.28"]
[WhiteTeam "SD SIJ ACRONI JESENICE"]
[BlackTeam "SK KOMENDA"]

1. d4 Nf6 2. Nf3 c5 3. d5 e6 4. c4 d6 5. Nc3 h6 6. g3 Be7 7. Bg2 e5 8. O-O Bf5
9. Ne1 Qc8 10. e4 Bg4 11. Qc2 g5 12. Nd3 Rg8 13. Be3 Bh3 14. f3 Na6 15. a3 Nc7
16. Kh1 Nh5 17. Rg1 Bd7 18. Qe2 f6 19. Rgd1 Ng7 20. b4 b6 21. f4 Bg4 22. Bf3 h5
23. Bxg4 hxg4 24. fxg5 fxg5 25. Nf2 a5 26. bxc5 bxc5 27. Nxg4 Rh8 28. a4 Na6
29. Nb5 Nb4 30. Bxg5 1-0

[Event "II. CLANSKA LIGA ZAHOD 2021"]
[Site "Komenda"]
[Date "2021.11.28"]
[Round "3.2"]
[White "More, Erlend"]
[Black "Jeraj, Zlatko"]
[Result "1/2-1/2"]
[WhiteElo "1621"]
[BlackElo "1994"]
[PlyCount "53"]
[EventDate "2021.11.28"]
[WhiteTeam "SK KOMENDA"]
[BlackTeam "SD SIJ ACRONI JESENICE"]

1. d4 d5 2. Nf3 Nf6 3. c4 c6 4. e3 e6 5. Be2 Be7 6. O-O O-O 7. Nbd2 Nbd7 8. Ne5
Nxe5 9. dxe5 Nd7 10. f4 Qb6 11. Nf3 f6 12. Bd3 Nc5 13. cxd5 cxd5 14. Bc2 Bd7
15. a3 Bb5 16. Re1 f5 17. b4 Ne4 18. Bb2 Bd7 19. Rc1 Qd8 20. Qe2 Qe8 21. Nd4
Qf7 22. Bd3 Rfc8 23. Bb5 Bd8 24. Nb3 Rxc1 25. Rxc1 Rc8 26. Rxc8 Bxc8 27. Qc2
1/2-1/2

[Event "II. CLANSKA LIGA ZAHOD 2021"]
[Site "Komenda"]
[Date "2021.11.28"]
[Round "3.3"]
[White "Pazlar, Marko"]
[Black "Macek, Inti"]
[Result "1-0"]
[WhiteElo "2029"]
[BlackElo "1174"]
[PlyCount "93"]
[EventDate "2021.11.28"]
[WhiteTeam "SD SIJ ACRONI JESENICE"]
[BlackTeam "SK KOMENDA"]

1. Nf3 d5 2. d4 Nf6 3. g3 c5 4. Bg2 Nc6 5. O-O e6 6. c4 dxc4 7. Qa4 Bd7 8. Qxc4
cxd4 9. Nxd4 Rc8 10. Nxc6 Bxc6 11. Bxc6+ Rxc6 12. Qb3 Qc8 13. Be3 a6 14. Nc3
Be7 15. Rad1 O-O 16. Rd3 b5 17. Rfd1 b4 18. Na4 Nd5 19. Bd4 a5 20. e4 Nf6 21.
Nb6 Qc7 22. Bxf6 Bxf6 23. Nd7 Rc8 24. Nxf6+ gxf6 25. Rd7 Qe5 26. Rd8+ Rxd8 27.
Rxd8+ Kg7 28. Qf3 Rc1+ 29. Kg2 Re1 30. Qg4+ Qg5 31. Qxg5+ fxg5 32. Ra8 Rxe4 33.
Rxa5 h6 34. Ra4 f5 35. a3 bxa3 36. Rxe4 fxe4 37. bxa3 Kf7 38. Kf1 Ke7 39. Ke2
Kd6 40. Ke3 Kd5 41. g4 e5 42. h3 Kc5 43. Kxe4 Kd6 44. a4 Ke6 45. a5 Kd6 46. a6
Kc6 47. Kxe5 1-0